书目信息 |
| 题名: |
拖拉机修理质量检验标准
|
|
| 作者: | ;黑龙江省农业机械局 编著 | |
| 分册: | ||
| 出版信息: | 哈尔滨 黑龙江人民出版社 1972 |
|
| 页数: | 254页 | |
| 开本: | 19cm | |
| 丛书名: | 农业机械化丛书 | |
| 单 册: | ||
| 中图分类: | S219.07 | |
| 科图分类: | ||
| 主题词: | 拖拉机--维修--质量检验 , 农业机械化 | |
| 电子资源: | ||
| ISBN: | ||
| 000 | 00775nam2 2200265 45 | |
| 001 | 0179004063 | |
| 005 | 20040525100046.3 | |
| 010 | @dCNY0.53 | |
| 091 | @a15093.005 | |
| 100 | @a19950802d1972 em y0chiy0121 ea | |
| 101 | 0 | @achi |
| 102 | @aCN@b230000 | |
| 105 | @ay z 000yy | |
| 106 | @ar | |
| 200 | 10 | @a拖拉机修理质量检验标准@Atuo la ji xiu li zhi liang jian yan biao zhun@f黑龙江省农业机械局编著 |
| 210 | @a哈尔滨@c黑龙江人民出版社@d1972 | |
| 215 | @a254页@d19cm | |
| 225 | 2 | @a农业机械化丛书 |
| 410 | 0 | @120010@a农业机械化丛书 |
| 606 | @a拖拉机@x维修@x质量检验 | |
| 606 | 0 | @a农业机械化 |
| 690 | @aS219.07@v3 | |
| 711 | 02 | @a黑龙江省农业机械局@Ahei long jiang sheng nong ye ji xie ju@4编著 |
| 801 | 0 | @aCN@bNLC@c20040521 |
| 905 | @f1@b17393@dS219.07@e4 | |
| 拖拉机修理质量检验标准/黑龙江省农业机械局编著.-哈尔滨:黑龙江人民出版社,1972 |
| 254页;19cm.-(农业机械化丛书) |
| ISBN :CNY0.53 |
| ● |
| 相关链接 |
|
|
|
|
正题名:拖拉机修理质量检验标准
索取号:S219.07/4
 
预约/预借
| 序号 | 登录号 | 条形码 | 馆藏地/架位号 | 状态 | 备注 |
| 1 | 0017392 | 000718067 | 第二样本阅览室/ [索取号:S219.07/4] | 在馆 | |
| 2 | 0017393 | 000718058 | 第三借阅区/ [索取号:S219.07/4] | 在馆 |